00436nam a2200181Ia 4500008004100000020001800041050001400059100001600073245002500089245001900114260001500133260001600148260000900164300001500173300002500188300001000213440003100223180207s9999 xx 000 0 und d a9780545232623 bW699 2008 aWillems, Mo aI love my new toy! / cby Mo Willems. aNew York : bScholastic, c2008 a57 pages : bcolor illustration ; c23cm. aAn Elephant & Piggie book.